Statistiques concernant 10 Matchs emblématiques dans l'histoire de la coupe du Monde

Cliquez ici pour prendre le quiz!

Statistiques générales

  • Ce quiz a été pris 43 fois
  • Le résultat moyen est 6 sur 10

Statistiques - réponses

QuestionRéponse% Correct
Quart de Finale 1986 : ARGENTINE - ANGLETERRE2-1 Argentine
88%
Finale 1966 : ANGLETERRE - RFA4-2 Angleterre
85%
1er Tour 1982 : ALGERIE - RFA2-1 Algérie
71%
Demi finale 1982 : RFA - FRANCE3-3 ( 5-4 aux TAB RFA )
71%
QUART DE FINALE 1986 : FRANCE - BRESIL1-1 ( 4-3 TAB France)
66%
1er Tour 1954 : HONGRIE - RFA8-3 Hongrie
66%
Demi finale 1970 : ITALIE - RFA4- 3 Italie
61%
2e Tour 1982 : ITALIE - BRESIL3-2 Italie
51%
Finale 1930 :URUGUAY - ARGENTINE4-2 Uruguay
51%
8e de finale 1938 : BRESIL - POLOGNE6-5 Brésil
37%

Distribution des résultats

Percentile par nombre de réponses

% des personnes avec chaque résultat

Votre développement - résultats

Vous n’avez pas pris ce quiz